Manual de derecho procesal : gráficos ilustrativos. 1 /

Guardado en:
Autor Principal: Falcón, Enrique M.
Formato: Libro
Idioma:Spanish
Publicado: Buenos Aires : Astrea, 2005
Etiquetas: Agregar Etiqueta
Sin Etiquetas, Sea el primero en etiquetar este registro!
LEADER 00877nam a22001695a 4500
001 DER.der001526
008 180615s2005####ag#||||||||||||||#||spa||
005 20250825123906.0
245 1 0 |a Manual de derecho procesal :  |n 1 /  |b gráficos ilustrativos.  |c Enrique M. Falcón. 
260 |a Buenos Aires :  |b Astrea,  |c 2005 
300 |a 517 p. 
500 |a Jurisdicción. Competencia. Sujetos y actos procesales. Demanda. Procedimiento probatorio. Documental. Pericial. De informes. Confesional. Testimonial. Informática. Reconocimiento judicial. Presunciones. Alegatos. Proceso sumarísimo. Sentencia. Modos anormales de terminación del proceso. 
020 |a 9505086806 
100 1 |a Falcón, Enrique M. 
859 |a DERECHO  |b BIB. DERECHO  |h 347.05  |i FAL  |p 003033  |3 Tomo 1 
859 |a DERECHO  |b BIB. DERECHO  |h 347.05  |i FAL  |p 005247  |t 1  |3 Tomo 1 
859 |a DERECHO  |b BIB. DERECHO  |h 347.05  |i FAL  |p 005248  |t 2  |3 Tomo 1